|
|
|
|
| LEADER |
00000ckm a2200000 a 4500 |
| 001 |
vtls012004553 |
| 003 |
SK-MaSNL |
| 005 |
20260331212351.0 |
| 007 |
kf co |
| 008 |
231121s1980 xo g 0kuslo |
| 015 |
|
|
|a SNBG1980
|
| 035 |
|
|
|a urn:nbn:sk:snk-km00giqm
|
| 035 |
|
|
|a 070082D7-546A-49AB-9172-7045089D4333
|
| 040 |
|
|
|a SNK
|b slo
|c SNK
|e AACR2
|
| 041 |
0 |
|
|a slo
|
| 043 |
|
|
|a e-xo---
|
| 044 |
|
|
|a xo
|c SK
|
| 072 |
|
7 |
|a 913
|x Regionálna geografia
|2 konspekt
|
| 080 |
|
|
|a 913(437.6)
|2 2011
|
| 080 |
|
|
|a 908(437.6)
|2 2011
|
| 080 |
|
|
|a 728.61
|2 2011
|
| 080 |
|
|
|a 725.1:615.838
|2 2011
|
| 080 |
|
|
|a 725.1:613.47
|2 2011
|
| 080 |
|
|
|a 721
|2 2011
|
| 080 |
|
|
|a 711.455:615.838
|2 2011
|
| 080 |
|
|
|a 630*10
|2 2011
|
| 080 |
|
|
|a 365:379.83
|2 2011
|
| 080 |
|
|
|a (084.121)
|2 2011
|
| 080 |
|
|
|a 640.412
|2 2011
|
| 100 |
1 |
|
|a Bendík, Ján
|c (fotograf)
|4 pht
|9 441635
|
| 245 |
1 |
0 |
|a Vyšné Ružbachy
|h grafika
|b Termálne kúpalisko a liečebný dom Dukla : Hotel Kráter : Ružbašská Miľava, rekreačné stredisko
|c foto Ján Bendík, Alexander Jiroušek
|
| 246 |
1 |
|
|i Názov na obrazovej časti:
|a Vyšné Ružbachy
|
| 260 |
|
|
|a Bratislava
|b Pravda
|c 1980
|e [Bratislava]
|f TZP-B
|
| 300 |
|
|
|a 1 pohľadnica (3 čiastkové pohľady)
|b farebná
|c 11 x 15 cm
|
| 520 |
8 |
|
|a Zobrazenie: Tri čiastkové pohľady, každý v tenkom modrom orámovaní. Všetky spolu na bielom podklade a v striebornom orámovaní. Vľavo dole je modrým písmom na bielom podklade a v modrom orámovaní názov. Hore je uprostred medzi pohľadmi ornament hviezdičky. Pohľad na veľký bazén v popredí plný ľudí. Vľavo je v bazéne na trávnatej ploche vysoký ihličnatý strom. Za bazénom je poschodový kúpeľný dom. Pred ním je rad tují. Za ním je hustý ihličnatý les. Pohľad na poschodové budovy vpravo za kovovou ohradou. Vľavo v popredí je prázdna ulica. Pohľad na drevené chatky na lúke na okraji ihličnatého lesa
|
| 610 |
2 |
7 |
|a Kúpele Vyšné Ružbachy (Slovensko)
|2 SNKKA
|9 59276
|
| 650 |
0 |
7 |
|a kúpele
|2 SNKPH
|9 1139
|
| 650 |
0 |
7 |
|a kúpeľné budovy
|2 SNKPH
|9 102104
|
| 650 |
0 |
7 |
|a bazény
|2 SNKPH
|9 30214
|
| 650 |
0 |
7 |
|a budovy
|2 SNKPH
|9 1283
|
| 650 |
0 |
7 |
|a rekreačné strediská
|2 SNKPH
|9 75706
|
| 650 |
0 |
7 |
|a lesy
|2 SNKPH
|9 1437
|
| 650 |
0 |
7 |
|a chaty
|2 SNKPH
|9 29339
|
| 650 |
0 |
7 |
|a hotely
|2 SNKPH
|9 18422
|
| 651 |
|
7 |
|a Vyšné Ružbachy (Slovensko)
|2 SNKPHgeo
|9 22374
|
| 655 |
|
7 |
|a miestne pohľadnice
|2 SNKPH
|9 70510
|
| 655 |
|
7 |
|a geografické pohľadnice
|2 SNKPH
|9 70522
|
| 700 |
1 |
|
|a Jiroušek, Alexander,
|d 1934-2021
|4 pht
|9 223957
|
| 852 |
|
|
|a Slovenská národná knižnica
|
| 958 |
|
|
|a GBN
|
| 958 |
|
|
|a GC
|
| 958 |
|
|
|a OND
|
| 958 |
|
|
|a EUIPO
|
| 999 |
|
|
|c 1039921
|d 1041851
|
| 952 |
|
|
|a SNK
|b SNK
|y PREZ
|7 0
|p 17A1409539
|o snkSP 120911
|8 0
|0 0
|1 0
|4 0
|d 2020-11-24
|f 1
|l 0
|r 2026-02-24 14:20:51
|w 2026-02-24
|
| 952 |
|
|
|a SNK
|b SNK
|y PREZ
|7 0
|p 17A1409538
|o snkSP 120911 D1
|8 0
|0 0
|1 0
|4 0
|d 2020-11-24
|l 0
|r 2026-02-24 14:20:51
|w 2026-02-24
|